Statistics for Invincibles Arsenal Starting XI

Click here to take the quiz!

General Stats

  • This quiz has been taken 774 times
  • The average score is 9 of 11

Answer Stats

HintAnswer% Correct
FThierry Henry
100%
LMRobert Pires
92%
FDennis Bergkamp
92%
CMPatrick Vieira
91%
LBAshley Cole
89%
GKJens Lehmann
87%
CBSol Campbell
85%
RMFredrik Ljungberg
74%
CBKolo Toure
73%
RBLauren Etame Mayer
68%
CMGilberto Silva
63%

Score Distribution

Percentile by Number Answered

Percent of People with Each Score

Your Score History

You have not taken this quiz